Southville International School and Colleges
Your cart is empty.
  • Cart
  • Lists
    Public lists Eva Luna New books Lux_list list_1
    Your lists Log in to create your own lists
  • Log in to your account
  • Your cookies
  • Search history
Southville International School and Colleges
  • Advanced search
  • Recent comments
  • Most popular
  • Libraries

Log in to your account

Log in with GOOGLE


If you do not have an external account, but do have a local account, you can still log in:

  1. Home
  2. MARC view: The future of an illusion /
Normal view MARC view ISBD view

The future of an illusion / (Record no. 284699)

[ view plain ]
MARC details
000 -LEADER
fixed length control field 01013cam a2200313 i 4500
001 - CONTROL NUMBER
control field 799525
003 - CONTROL NUMBER IDENTIFIER
control field PILC
005 - DATE AND TIME OF LATEST TRANSACTION
control field 20150905095134.0
008 - FIXED-LENGTH DATA ELEMENTS--GENERAL INFORMATION
fixed length control field 750507t19751961nyu b 001 0 eng
010 ## - LIBRARY OF CONGRESS CONTROL NUMBER
LC control number 75015645
020 ## - INTERNATIONAL STANDARD BOOK NUMBER
International Standard Book Number 0393011208
040 ## - CATALOGING SOURCE
Original cataloging agency DLC
Transcribing agency DLC
Modifying agency DLC
041 1# - LANGUAGE CODE
Language code of text/sound track or separate title engger
050 00 - LIBRARY OF CONGRESS CALL NUMBER
Classification number BL 53
Item number .F889 1961
082 00 - DEWEY DECIMAL CLASSIFICATION NUMBER
Classification number 200/.1/9
100 1# - MAIN ENTRY--PERSONAL NAME
Personal name Freud, Sigmund,
Dates associated with a name 1856-1939.
240 10 - UNIFORM TITLE
Uniform title <a href="Zukunft einer Illusion.">Zukunft einer Illusion.</a>
Language of a work English
245 14 - TITLE STATEMENT
Title The future of an illusion /
Statement of responsibility, etc Sigmund Freud ; translated by W.D. Robson-Scott ; revised and newly edited by James Strachey.
260 ## - PUBLICATION, DISTRIBUTION, ETC. (IMPRINT)
Place of publication, distribution, etc New York :
Name of publisher, distributor, etc Doubleday & Company, Inc.,
Date of publication, distribution, etc 1964.
300 ## - PHYSICAL DESCRIPTION
Extent 105 pages ;
Dimensions 20 cm.
500 ## - GENERAL NOTE
General note Translation of Die Zukunft einer Illusion.
500 ## - GENERAL NOTE
General note Includes bibliographical references and indexes.
650 #0 - SUBJECT ADDED ENTRY--TOPICAL TERM
Topical term or geographic name as entry element Psychology, Religious.
650 #0 - SUBJECT ADDED ENTRY--TOPICAL TERM
Topical term or geographic name as entry element Religion.
650 #0 - SUBJECT ADDED ENTRY--TOPICAL TERM
Topical term or geographic name as entry element Psychoanalysis.
700 1# - ADDED ENTRY--PERSONAL NAME
Personal name Strachey, James.
906 ## - LOCAL DATA ELEMENT F, LDF (RLIN)
a 7
b cbc
c orignew
d 1
e ocip
f 19
g y-gencatlg
942 ## - ADDED ENTRY ELEMENTS (KOHA)
Source of classification or shelving scheme Library of Congress Classification
Koha item type Books
Call number prefix Foreign
Holdings
Withdrawn status Lost status Source of classification or shelving scheme Damaged status Home library Current library Shelving location Date acquired Source of acquisition Total Checkouts Full call number Barcode Date last seen Price effective from Koha item type
    Library of Congress Classification   Archives Archives   06/04/2015 Library Fund   BL 53 .F889 1961 C19541 05/15/2018 06/04/2015 Books

The future of an illusion /

APA

Freud S., Strachey J., . (1964). The future of an illusion. New York: Doubleday & Company, Inc.

Chicago

Freud Sigmund, Strachey James, . 1964. The future of an illusion. New York: Doubleday & Company, Inc.

Harvard

Freud S., Strachey J., . (1964). The future of an illusion. New York: Doubleday & Company, Inc.

MLA

Freud Sigmund, Strachey James, . The future of an illusion. New York: Doubleday & Company, Inc. 1964.

  • Place hold
  • Print
  • Cite
  • Add to your cart (remove)
  • Save record
    BIBTEX Dublin Core MARCXML MARC (non-Unicode/MARC-8) MARC (Unicode/UTF-8) MARC (Unicode/UTF-8, Standard) MODS (XML) RIS
  • More searches
    Search for this title in:
    Other Libraries (WorldCat) Other Databases (Google Scholar) Online Stores (Bookfinder.com) Open Library (openlibrary.org)

Exporting to Dublin Core...

SOUTHVILLE LIBRARY

Southville International School and Colleges Library

1281 Tropical Ave. Cor. Luxembourg St., BF Homes International, Las Pinas City

Tel. No. 8256374 / 252358 Loc. 117/146

Powered by Koha